| 000 | 00527nam a22001817a 4500 | ||
|---|---|---|---|
| 005 | 20251108172208.0 | ||
| 008 | 250721s1986 xx 000 0 ara d | ||
| 082 | 1 | 4 | _a636.2/عزي |
| 100 | 1 | _aحنا، عزيز كبرو | |
| 245 | 1 | 0 | _aمبادئ إنتاج الحليب / |
| 264 | 1 |
_aالموصل : _bمديرية دار الكتب للنشر، _c1986. |
|
| 300 | _a287ص | ||
| 650 | 1 | 7 | _aالأبقار |
| 650 | 1 | 7 | _aالحليب |
| 700 | 1 | _aمحمد، عطا الله سعيد | |
| 942 |
_2ddc _cBK |
||
| 999 |
_c72825 _d72825 |
||